[Event "GER-ch51 V03 email"]
[Site "GER email"]
[Date "2019.04.14"]
[Round "?"]
[White "Schmitz, Andre"]
[Black "Maetzig, Ralf"]
[Result "1/2-1/2"]
[WhiteElo "2385"]
[BlackElo "2311"]
[PlyCount "66"]
[EventDate "2019.??.??"]
[EventType "tourn (corr)"]
[EventRounds "10"]
[EventCountry "GER"]
[SourceTitle "Corr 2022"]
[Source "ChessBase"]
[SourceDate "2021.10.24"]
[SourceVersion "1"]
[SourceVersionDate "2021.10.24"]
[SourceQuality "1"]

1. e4 c5 2. Nf3 Nc6 3. Nc3 g6 4. d4 cxd4 5. Nxd4 Bg7 6. Be3 Nf6 7. Bc4 0-0 8. Bb3 d6 9. f3 Bd7 10. Qd2 Nxd4 11. Bxd4 b5 12. h4 a5 13. h5 a4 14. Bd5 b4 15. Bxf6 exf6 16. Ne2 Ra5 17. Qxb4 Rb5 18. Qxd6 Rxb2 19. h6 Bh8 20. Rd1 Rxc2 21. Kf2 f5 22. e5 Rxe2+ 23. Kxe2 Bxe5 24. Qb4 Qf6 25. Bc4 Re8 26. Kf2 Bc6 27. f4 Bxf4 28. Bxf7+ Kxf7 29. Qxf4 Re4 30. Qc7+ Re7 31. Qf4 Re4 32. Qc7+ Re7 33. Qf4 Re4 1/2-1/2